000 00933pam a2200313 4500
001 1227929
003 ARRUPE
005 20151104092311.0
008 740102s1974 nyu b 000 0 eng
010 _a 73017885
020 _a0816492077
035 _a(OCoLC)ocm00799581
035 _a(NNC)1227929
040 _aDLC
_cDLC
_dZCU
043 _an-us---
050 0 _aE98.R3
_bS73
082 _a299/.7
100 1 _aStarkloff, Carl F.,
_d1933-2008.
_920858
245 1 4 _aThe people of the center;
_bAmerican Indian religion and Christianity
_c[by] Carl F. Starkloff.
260 _aNew York,
_bSeabury Press
_c[1974]
300 _a144 p.
_c22 cm.
500 _a"A crossroad book."
504 _aBibliography: p. 142-144.
650 0 _aIndians of North America
_xReligion.
_920859
650 0 _aIndians of North America
_xMissions.
_920860
650 0 _aChristianity.
_920861
942 _2lcc
_cMONOGRAPH
999 _c123718
_d123718